书目信息 |
| 题名: |
老碗窑旧事
|
|
| 作者: | 索新存 著 | |
| 分册: | ||
| 出版信息: | 北京 中国社会出版社 2009.02 |
|
| 页数: | 170页, [2] 页图版 | |
| 开本: | 23cm | |
| 丛书名: | 百位农民作家百部农民作品 | |
| 单 册: | ||
| 中图分类: | I247.57 | |
| 科图分类: | ||
| 主题词: | 中篇小说--zhong pian xiao shuo--中国--现代 | |
| 电子资源: | ||
| ISBN: | 978-7-5087-2420-1 | |
| 000 | 00999nam 2200253 450 | |
| 001 | 012009940986 | |
| 005 | 20090916190952.60 | |
| 010 | @a978-7-5087-2420-1@dCNY16.00 | |
| 100 | @a20090916d2009 em y0chiy0120 ea | |
| 101 | 0 | @achi |
| 102 | @aCN@b110000 | |
| 105 | @aacf z 000ay | |
| 106 | @ar | |
| 200 | 1 | @a老碗窑旧事@Alao wan yao jiu shi@f索新存著@Fsuo xin cun zhu |
| 210 | @a北京@c中国社会出版社@d2009.02 | |
| 215 | @a170页, [2] 页图版@c图, 肖像@d23cm | |
| 225 | 2 | @a百位农民作家百部农民作品@Abai wei nong min zuo jia bai bu nong min zuo pin@v第一辑 |
| 330 | @a本书小说主人公兴兴是一个四世同堂家族的小宝贝。他的童年幸福是从妈妈去世终结的。太奶奶和爷爷先后离开人间,爹爹赌博成瘾坠崖身亡,更使他的命运雪上加霜。一个大家庭只剩下了奶奶和兴兴兄妹三人。 | |
| 410 | 0 | @12001 @a百位农民作家百部农民作品 |
| 606 | 0 | @a中篇小说@Azhong pian xiao shuo@y中国@z现代 |
| 690 | @aI247.57@v4 | |
| 701 | 0 | @a索新存@Asuo xin cun@4著 |
| 801 | 0 | @aCN@bQSSK@c20090916 |
| 905 | @b752039-41@dI247.57@eS997@f3 | |
| 老碗窑旧事/索新存著.-北京:中国社会出版社,2009.02 |
| 170页, [2] 页图版:图, 肖像;23cm.-(百位农民作家百部农民作品;第一辑) |
| ISBN 978-7-5087-2420-1:CNY16.00 |
| 本书小说主人公兴兴是一个四世同堂家族的小宝贝。他的童年幸福是从妈妈去世终结的。太奶奶和爷爷先后离开人间,爹爹赌博成瘾坠崖身亡,更使他的命运雪上加霜。一个大家庭只剩下了奶奶和兴兴兄妹三人。 |
| ● |
| 相关链接 |
|
|
|
正题名:老碗窑旧事
索取号:I247.57/S997
 
预约/预借
| 序号 | 登录号 | 条形码 | 馆藏地/架位号 | 状态 | 备注 |
| 1 | 752039 | 207520397 | 社科二线400B/400B社科库 20排2列2层/ [索取号:I247.57/S997] | 在馆 | |
| 2 | 752040 | 207520404 | 社科二线400B/400B社科库 20排2列2层/ [索取号:I247.57/S997] | 在馆 | |
| 3 | 752041 | 207520413 | 社科二线400B/400B社科库 20排2列2层/ [索取号:I247.57/S997] | 在馆 |